000 01220nam a22002057a 4500
999 _c69019
_d69019
005 20210921073632.0
008 s2556 th ||||| |||| 00| 0 tha d
020 _a9786162028243
040 _aNALT
050 _aZ 1003
_bน927 2556
245 0 0 _aแนวทางการดำเนินงานส่งเสริมนิสัยรักการอ่านและพัฒนาห้องสมุดโรงเรียน สำนักงานคณะกรรมการการศึกษาขั้นพื้นฐาน พ.ศ. 2557-2561
260 _aกรุงเทพฯ :
_bสำนักงานคณะกรรมการการศึกษาขั้นพื้นฐาน,
_c2556
300 _a122 หน้า :
_bภาพประกอบ, ตาราง ;
_c21 ซม.
610 2 4 _aสำนักงานคณะกรรมการการศึกษาขั้นพื้นฐาน
650 0 _aการส่งเสริมการอ่าน
_919544
650 0 _aการอ่าน
_9181
850 _aNALT
942 _cGB
_2lcc
998 _j
_kCRON CRON